000 00455nam a2200157Ia 4500
003 GCL
008 140319s9999 xx 000 0 ara d
040 _aGCL /
_cGCL
082 0 4 _aد
_b050
100 1 _aحسن الاشمونى
245 1 0 _aالتعبئة الروحية فى بناء المجتمع (اقرا 228 /
_cحسن الاشمونى
300 _a111
490 _aاقرأ
_v0
650 0 4 _aالفلسفة الاسلامية
942 _2ddc
_cBK
999 _c48604
_d48604